<?xml version="1.0" encoding="UTF-8"?>
<record
    xmlns:xsi="http://www.w3.org/2001/XMLSchema-instance"
    xsi:schemaLocation="http://www.loc.gov/MARC21/slim http://www.loc.gov/standards/marcxml/schema/MARC21slim.xsd"
    xmlns="http://www.loc.gov/MARC21/slim">

  <leader>00930nam a2200217 a 4500</leader>
  <controlfield tag="001">BRCA_4086</controlfield>
  <controlfield tag="005">20190321142922.0</controlfield>
  <controlfield tag="008">180210s1924----enkade####---#000-0#eng-#</controlfield>
  <datafield tag="041" ind1=" " ind2=" ">
    <subfield code="a">eng</subfield>
  </datafield>
  <datafield tag="044" ind1=" " ind2=" ">
    <subfield code="a">enk</subfield>
  </datafield>
  <datafield tag="050" ind1=" " ind2="4">
    <subfield code="b">.C66 1924</subfield>
  </datafield>
  <datafield tag="245" ind1="1" ind2="0">
    <subfield code="a">Cook&#xB4;s Continental Time-Table and Steamship Guide</subfield>
    <subfield code="b">a simple Guide to the Principal Railways and Diligences, Lake, River and Fjord Steamers in Europe (including Siberia, Syrya, Egypt, Algeria, etc.) with Ocean Steamer Services to all parts of the world</subfield>
    <subfield code="c">edited and compiled by C. H. Davies.</subfield>
  </datafield>
  <datafield tag="260" ind1=" " ind2=" ">
    <subfield code="a">Londres</subfield>
    <subfield code="b">Thos. Cook &amp; Son Ltd.</subfield>
    <subfield code="c">1924</subfield>
  </datafield>
  <datafield tag="300" ind1=" " ind2=" ">
    <subfield code="a">lxxii, 409 p.</subfield>
    <subfield code="b">il. (algunas a color), tablas, mapas</subfield>
    <subfield code="c">19 cm.</subfield>
  </datafield>
  <datafield tag="500" ind1=" " ind2=" ">
    <subfield code="a">Estado fis&#xED;co: contiene un mapa suelto, encuadernaci&#xF3;n deteriorada.</subfield>
  </datafield>
  <datafield tag="500" ind1=" " ind2=" ">
    <subfield code="a">CEF35</subfield>
  </datafield>
  <datafield tag="650" ind1="1" ind2="4">
    <subfield code="a">Ferrocarriles, diligencias, buques de vapor</subfield>
    <subfield code="v">Gu&#xED;as</subfield>
    <subfield code="z">Europa</subfield>
    <subfield code="9">10579</subfield>
  </datafield>
  <datafield tag="700" ind1="1" ind2=" ">
    <subfield code="a">Davies, C. H.</subfield>
    <subfield code="9">10580</subfield>
  </datafield>
  <datafield tag="902" ind1=" " ind2=" ">
    <subfield code="a">GFM</subfield>
  </datafield>
  <datafield tag="942" ind1=" " ind2=" ">
    <subfield code="2">lcc</subfield>
    <subfield code="c">B</subfield>
  </datafield>
  <datafield tag="999" ind1=" " ind2=" ">
    <subfield code="c">3808</subfield>
    <subfield code="d">3808</subfield>
  </datafield>
  <datafield tag="952" ind1=" " ind2=" ">
    <subfield code="0">0</subfield>
    <subfield code="1">0</subfield>
    <subfield code="4">0</subfield>
    <subfield code="7">0</subfield>
    <subfield code="a">BRCA</subfield>
    <subfield code="b">BRCA</subfield>
    <subfield code="d">2010-02-18</subfield>
    <subfield code="i">CEF35</subfield>
    <subfield code="l">0</subfield>
    <subfield code="o">.C66 1924 (CEF35)</subfield>
    <subfield code="p">4083</subfield>
    <subfield code="r">2019-03-22 00:00:00</subfield>
    <subfield code="w">2019-03-22</subfield>
    <subfield code="y">B</subfield>
  </datafield>
</record>
